Quizzes
Events
Quiz Creation
Community
Videos
Private Events
Remove Ads
Sign In
Join for FREE
Feedback
Dark Mode
Quiz Categories
Sports
Geography
Music
Movies
Television
Just For Fun
Miscellaneous
History
Literature
Language
Science
Gaming
Entertainment
Religion
Holiday
For Kids
Quiz Lab
Recent
Popular Today
Quiz Kudos Today
Editor Picks
Curator Picks
Quizzes by...
Day
Popularity
Type
Ratings
Length
Year
Community
Subscriptions
Recent Discussions
Orange Saloon
Badges
Playlists
Quests
Create
Leaderboards
Showdown
Live 5
Trivia Bingo
Activity
Puzzle Library
Sporcle Events
Private Events
Virtual Trivia
Globe League
Become a Host
Pub Owners
SporcleCon
Opinionation
Our Games
Videos
Blog
Mobile Apps
Partnerships
Remove Ads and Go Orange
Feedback
Movies
Disney
Marvel Cinematic Universe
Movie Resume
Movie Titles
Oscar
Actor
Actress
Director
Pixar
Role
Movie Quotes
Movie Characters
Box Office
Nominee
Best Picture
Star Wars
James Bond
Horror Movies
Movies
Disney
Marvel Cinematic Universe
Movie Resume
Movie Titles
Oscar
Actor
Actress
Director
Pixar
Role
Movie Quotes
Movie Characters
Box Office
Nominee
Best Picture
Star Wars
James Bond
Horror Movies
Random Quiz
Search Sporcle
×
Quiz Lab
Quiz Lab
Movies
arena
Type in answers that appear in a list
Type in answers that appear in a list
Classic
Best Score? Go Orange.
Gladiator arena speech Stats
Can you name the Gladiator arena speech?
By
YAK
6m
93 Questions
99 Plays
99 Plays
99 Plays
Comments
Comments
Give Quiz Kudos
Give Quiz Kudos
-
- Ratings
hide this ad
Replay
Link that replays current quiz
Next Quiz
Link to next quiz in quiz playlist
You Got
0%
They Got
Avg Score
81%
Avg Friend Score
Upgrade to see
Score Distribution
Jump to the score distribution portion of the page
Score
0/93
Timer
06:00
0
Plays Today
% Correct
COMMODUS
100%
MAXIMUS
100%
COMMODUS
100%
MAXIMUS
100%
the
98%
and
98%
a
98%
and
98%
the
98%
the
98%
the
98%
the
98%
a
98%
a
98%
And
98%
the
98%
I
97%
My
94.9%
My
94.9%
my
94.9%
is
92.9%
is
92.9%
name?
91.9%
name.
91.9%
name
91.9%
name.
91.9%
name
91.9%
Maximus
91.9%
You
90.9%
you
90.9%
to
90.9%
% Correct
you
90.9%
will
90.9%
to
90.9%
to
90.9%
to
90.9%
will
90.9%
have
88.9%
me!
88.9%
me
88.9%
have
88.9%
in
88.9%
Father
87.9%
husband
87.9%
wife.
87.9%
life
87.9%
murdered
86.9%
son,
86.9%
murdered
86.9%
this
86.9%
or
86.9%
next.
85.9%
your
84.8%
your
84.8%
your
84.8%
your
84.8%
Gladiator.
83.8%
of
83.8%
of
83.8%
of
83.8%
do
82.8%
tell
81.8%
% Correct
tell
81.8%
back
78.8%
true
77.8%
north,
76.8%
vengeance,
76.8%
dare
75.8%
emperor,
75.8%
How
72.7%
helmet
70.7%
commander
70.7%
Decimus
69.7%
armies
69.7%
General
69.7%
loyal
69.7%
Marcus
69.7%
show
68.7%
remove
67.7%
Meridius,
64.6%
Legions,
62.6%
Slave,
61.6%
servant
61.6%
Aurelius.
61.6%
us
58.6%
real
53.5%
Felix
49.5%
all
47.5%
Why
42.4%
hero
29.3%
reveal
26.3%
doesn't
24.2%
himself
23.2%
Quiz Playlist
Details
Report
Send in Message
Add To Playlist
Classic:
Type in answers that appear in a list
Last Updated: Feb 16, 2017
Quiz Scoreboard
CHALLENGE
Sign Up to Join the Scoreboard
Show All
Scores
Hide
Comments
May contain spoilers
Recently Published
Movies - When Are They Set?
by FPL_Elf
Movies
5m
Popular People in 1961
by mucciniale
History
6m
1-10 Letter E Words III
by El_Dandy
Language
2m
More to Explore
Quiz From the Vault
Featured Blog Post
Where Did the Easter Bunny Come From?
hide this ad
You Might Also Like...
Tags
arena
gladiator
speech
Today's Top Quizzes in Movies
Browse Movies
hide this ad
Today's Top Quizzes in arena
Browse arena
Top Contributed Quizzes in Movies
1
Pick 5 Posters: Directed by Spielberg
2
Multi-Oscar Nominations, One Movie, One Winner
3
One Thing in Common: Movies
4
12 Movies about Fictional 1960s Events
5
One Thing in Common: Movies II
6
Sunday Crossword: Film Score Composers
7
Three Word 'H' Movies Match Up
8
Three Word 'T' Movies Match Up
9
One Thing in Common: Oscars
10
Three Word 'M' Movies Match Up
Explore More
Trending Topics
Kpop
Marvel
Anime
Crossword
NBA
Disney
Harry Potter
Pokémon
Country
Soccer
WWE
NFL
Song
Puzzle
The Office
hide this ad
More By:
YAK
Quiz
Plays
Rating
Category
Featured
Created
Top 250 Harry Potter
6,165
4.76
Literature
Jan 31, 2012
Harry Potter Trivia
310
2.13
Literature
Feb 3, 2012
Go to Creator's Profile
Score Distribution
Quiz Creator Spotlight
YAK
Follow
Send a Message
Quizzes Created
-
Created Quiz Play Count
-
More By This Creator
Popular Quizzes Today
1
Find the Countries of Europe - No Outlines Minefield
2
Find the US States - No Outlines Minefield
3
The Countries of the World
4
Popular People in 1961
5
1-10 Letter E Words III
6
US States
7
Find the US States
8
One Thing in Common: World Cities II
More Movies Quizzes
1960s Movie Taglines
Published
Trending Quizzes
Risky Map Clicking: Least Populous States A-Z
1-10 Letter F Words
Humor Books: The Subtitles
1-10 Letter G Words
One Thing in Common: United Kingdom
Recently Updated
Leaping Animals
pecheneg
Reality TV Shows (A-Z)
bhenderson79
Rickey Henderson's Hall of Fame Teammates
pecheneg
Champions League XIs: Arsenal
pecheneg
Quick Pick: Celebrities in WWE's Hall of Fame
aduchscher
A-Z Keypad Blitz II
pecheneg
Multiple Oscar Actors
pecheneg
Mystery Phrase Blitz: Oscar 'Best Actors'
pecheneg
F. Scott Fitzgerald Novels
LTH
Pick 3 Villains
ddd62291
Trending Topics
Kpop
Anime
NBA
Harry Potter
Marvel
Disney
Crossword
Country
Puzzle
NFL
The Office
Pokémon
Soccer
Song
WWE
Your Account Isn't Verified!
In order to create a playlist on Sporcle, you need to verify the email address you used during registration. Go to your
Sporcle Settings
to finish the process.
Report this User
Report this user for behavior that violates our
Community Guidelines
.
Details:
Send Report
Go to the Sporcle.com Mobile Site →
Comments